00479nam a2200145Ia 4500008004100000040001900041041001200060082002400072100001800096245013800114260003000252300002500282650000800307850001800315131103s9999 xx 000 0 und d aLoreto College aEnglish a740/GIBbLCBED/2219 aGibbs, Evelyn 4aThe teaching of art in schoolsb an illustrated description of children's imaginative painting and its effect on craft cEvelyn Gibbs aLondonbErnest Bennc1958 a128p.b pic.c 26cm. aArt aLCBED/740/GIB